Multiple Choice Tier-Quiz: Leopard - Statistiken

Allgemein
  • Dieses Quiz wurde 37 mal gespielt
    34 seit der letzten Aktualisierung
  • Das Durchschnittsergebnis liegt bei 7 aus 10
Antwortstatistiken
Frage Antwort % Korrekt
Das Fell einiger Leoparden ist schwarz gefärbt. Wie nennt man diese Exemplare? Panther
100%
Was machen Leoparden, um ihre Beute vor Nahrungskonkurrenten wie Löwen und Hyänen zu sichern? Sie zerren sie auf Bäume.
90%
Leoparden sind... Fleischfresser
83%
Welche dieser Disney-Figuren ist ein Leopard? Sabor aus "Tarzan"
76%
Bis zu wie viele Junge kann ein Leopardenweibchen pro Wurf bekommen? 4
72%
An welchem dieser Orte kann man auf einen Leoparden treffen? Afrikanischer Dschungel
69%
Kurz nach der Geburt wiegen Leoparden-Babys etwa 500 g und sind... blind
66%
Der Leopard ist... der Welt. die am weitesten verbreitete Großkatze
66%
Leoparden sind Einzelgänger und überwiegend... nachtaktiv
55%
Der Leopard gehört zu den... Eigentlichen Großkatzen
45%
Keine übereinstimmenden Quizze gefunden
Verteilung der Resultate
Anzahl Personen mit jedem Resultat
Perzentil nach korrekt beantworteten Fragen
Ihre Resultats-Entwicklung
Sie haben dieses Quiz seit der letzten Aktualisierung nicht gespielt